Statistics for top ten largest countries by land area

Click here to take the quiz!

General Stats

  • This quiz has been taken 26 times
  • The average score is 9 of 10

Answers on the Map

Answers color-coded by a green-red scale on the quiz's map according to % correct below.
 

Answer Stats

Answer% Correct
argentina
95%
canada
95%
china
95%
india
95%
russia
95%
australia
90%
brazil
90%
algeria
86%
kazakhstan
86%
usa
86%

Score Distribution

Percentile by Number Answered

Percent of People with Each Score

Your Score History

You have not taken this quiz